[Event "FRA-chT"]
[Site "FRA"]
[Date "1996.??.??"]
[Round "?"]
[White "Guigonis, Dominique"]
[Black "Eliet, Renaud"]
[Result "1-0"]
[WhiteElo "2315"]
[BlackElo "2165"]
[PlyCount "51"]
[EventDate "1996.??.??"]
[Source "ChessBase"]

1. d4 f5 2. Nc3 Nf6 3. Bg5 Ne4 4. Nxe4 fxe4 5. f3 exf3 6. Nxf3 d5 7. e4 Bg4 8.
Be2 Nc6 9. Ne5 Bxe2 10. Qxe2 Nxe5 11. dxe5 c6 12. exd5 Qxd5 13. Rd1 Qe6 14. O-O
g6 15. Qd2 h6 16. Be3 Bg7 17. Bxa7 Rf8 18. Bb6 Rxf1+ 19. Rxf1 Qxe5 20. b3 Qd5
21. Qf4 e5 22. Qg4 g5 23. c4 Qg8 24. Qh5+ Ke7 25. Qg6 Re8 26. Rf7+ 1-0

[Event "FRA-chT"]
[Site "FRA"]
[Date "1996.??.??"]
[Round "?"]
[White "Guigonis, Dominique"]
[Black "Jost, Claude"]
[Result "0-1"]
[WhiteElo "2315"]
[BlackElo "2300"]
[PlyCount "208"]
[EventDate "1996.??.??"]
[Source "ChessBase"]

1. d4 d5 2. c4 e6 3. Nc3 Nf6 4. Bg5 Be7 5. e3 O-O 6. Nf3 Nbd7 7. Qc2 c6 8. Bd3
dxc4 9. Bxc4 Nd5 10. Bxe7 Qxe7 11. O-O Nxc3 12. Qxc3 c5 13. Rac1 b6 14. Bb5
cxd4 15. Nxd4 a6 16. Bc6 Rb8 17. Be4 Bb7 18. Bxb7 Rxb7 19. Qc4 b5 20. Qc6 Nb6
21. Rfd1 h6 22. Qe4 Nd5 23. Nb3 Rc7 24. Rxc7 Qxc7 25. Rc1 Qd6 26. g3 Rd8 27. a3
Nf6 28. Qd4 e5 29. Qxd6 Rxd6 30. Kf1 Rd3 31. Rc8+ Kh7 32. Rc3 Rxc3 33. bxc3 Nd5
34. Nc5 a5 35. c4 bxc4 36. Ke1 Nc3 37. Nd7 Nb5 38. a4 Nd6 39. Nxe5 f6 40. Nc6
Nb7 41. Kd2 Nc5 42. Nxa5 Nxa4 43. Nxc4 Nc5 44. Nd6 Kg8 45. Kc3 Kf8 46. Kd4 Nd7
47. f4 g6 48. Kd5 Ke7 49. Nc8+ Kf7 50. Kd6 Nf8 51. Ne7 f5 52. Nc6 Nh7 53. Ne5+
Kf6 54. Nd7+ Kf7 55. h3 h5 56. Ne5+ Kf6 57. Kc7 Kg7 58. Nd7 Kg8 59. Kd6 Kf7 60.
Kd5 Ke7 61. Kc6 Ke6 62. Nc5+ Ke7 63. Kd5 Nf6+ 64. Ke5 Kf7 65. Kd6 Ne8+ 66. Kd5
Nf6+ 67. Ke5 Ke7 68. Kd4 Kf7 69. Nd3 Ne8 70. Ne5+ Kf6 71. Nf3 Nd6 72. Ng5 Nb5+
73. Kd3 Nc7 74. Kc4 Ke7 75. Kc5 Ne8 76. Kd5 Nf6+ 77. Kd4 Nd7 78. Nf3 Nf8 79.
Kd5 Kd7 80. Ne5+ Ke7 81. Nc6+ Kf6 82. Kd6 Ne6 83. Ne5 Nd8 84. Kd7 Nb7 85. Kc7
Na5 86. Kd6 Nb7+ 87. Kd5 Nd8 88. g4 hxg4 89. hxg4 g5 90. Nf3 fxg4 91. Nxg5 Kg6
92. Ne4 Kh5 93. Ng3+ Kh4 94. Ne2 g3 95. f5 Kg4 96. e4 g2 97. Ke5 Kf3 98. Ng1+
Kf2 99. Nh3+ Kg3 100. Nf4 Nf7+ 101. Kf6 Kxf4 102. Kxf7 Kxe4 103. f6 g1=Q 104.
Ke7 Kf5 0-1

[Event "FRA-chT"]
[Site "FRA"]
[Date "1996.??.??"]
[Round "?"]
[White "Guigonis, Dominique"]
[Black "Koch, Jean Rene"]
[Result "0-1"]
[WhiteElo "2315"]
[BlackElo "2490"]
[PlyCount "80"]
[EventDate "1996.??.??"]
[Source "ChessBase"]

1. d4 Nf6 2. c4 c5 3. d5 b5 4. Qc2 Na6 5. Nc3 b4 6. Nb1 e5 7. b3 d6 8. Nd2 g6
9. Bb2 Bg7 10. e4 O-O 11. Bd3 Nb8 12. Ne2 a5 13. O-O-O Nh5 14. f3 a4 15. Kb1
Re8 16. g3 Re7 17. Rdf1 Rea7 18. Qd1 axb3 19. axb3 Bh6 20. f4 Ra2 21. f5 Qa5
22. Qc1 Ra1+ 23. Kc2 Rxc1+ 24. Nxc1 Be3 25. Be2 Qd8 26. Bd3 Bd4 27. Nf3 Bxb2
28. Kxb2 gxf5 29. exf5 e4 30. Bxe4 Qf6+ 31. Kc2 Bxf5 32. Nd2 Qc3+ 33. Kd1 Bxe4
34. Nxe4 Qd4+ 35. Nd2 Nd7 36. Re1 Ne5 37. Re4 Qb2 38. Ke2 Nf6 39. Rf4 Re8 40.
Kd1 Neg4 0-1

[Event "FRA-chT"]
[Site "FRA"]
[Date "1996.??.??"]
[Round "?"]
[White "Guigonis, Dominique"]
[Black "Marcantoni, Herve"]
[Result "1/2-1/2"]
[WhiteElo "2315"]
[BlackElo "2255"]
[PlyCount "56"]
[EventDate "1996.??.??"]
[Source "ChessBase"]

1. d4 Nf6 2. c4 g6 3. Nc3 Bg7 4. e4 d6 5. Bd3 O-O 6. Nge2 c5 7. d5 e6 8. h3
exd5 9. exd5 a6 10. a4 Re8 11. O-O Nfd7 12. f4 f5 13. g4 Qh4 14. gxf5 Qxh3 15.
Ne4 Nf6 16. Nf2 Qh4 17. Kg2 Ng4 18. Nxg4 Qxg4+ 19. Ng3 Bxf5 20. Bxf5 gxf5 21.
Qxg4 fxg4 22. Nf5 Bf8 23. Bd2 Nd7 24. Bc3 Kf7 25. Rh1 Kg6 26. Nh4+ Kf7 27. Nf5
Kg6 28. Nh4+ Kf7 1/2-1/2

[Event "FRA-chT"]
[Site "FRA"]
[Date "1996.??.??"]
[Round "?"]
[White "Guigonis, Dominique"]
[Black "Nemety, Laslo"]
[Result "1-0"]
[WhiteElo "2315"]
[BlackElo "2170"]
[PlyCount "81"]
[EventDate "1996.??.??"]
[Source "ChessBase"]

1. d4 e6 2. e4 Ne7 3. Bd3 b6 4. Ne2 Ba6 5. c4 d5 6. cxd5 Bxd3 7. Qxd3 exd5 8.
e5 Qc8 9. Nbc3 c6 10. O-O Qf5 11. Qd1 h5 12. Be3 h4 13. h3 Ng6 14. b4 a6 15.
Qb3 Be7 16. a4 Qd3 17. b5 Qc4 18. Qxc4 dxc4 19. f4 Bd8 20. Rfb1 Ne7 21. bxc6
Nbxc6 22. d5 Na5 23. Nd4 Kd7 24. Rb4 Rc8 25. Rd1 Nb7 26. Kf1 a5 27. Rbb1 Nc5
28. Ndb5 Nf5 29. Bxc5 Rxc5 30. Ke2 Ng3+ 31. Kf3 g5 32. Nd6 Ke7 33. Nde4 Rc8 34.
Nxg3 hxg3 35. f5 f6 36. d6+ Kf8 37. e6 Rc5 38. Nd5 Rh4 39. Rb5 Rc8 40. e7+ Bxe7
41. Nxe7 1-0

[Event "FRA-chT"]
[Site "FRA"]
[Date "1996.??.??"]
[Round "?"]
[White "Guillon, Cyril"]
[Black "Beghadi, Mourad"]
[Result "1/2-1/2"]
[WhiteElo "2220"]
[BlackElo "2205"]
[PlyCount "131"]
[EventDate "1996.??.??"]
[Source "ChessBase"]

1. e4 e5 2. Nf3 Nc6 3. Nc3 Nf6 4. Bb5 Nd4 5. Ba4 Nxf3+ 6. Qxf3 c6 7. O-O d6 8.
h3 Be7 9. d3 O-O 10. Bb3 Ne8 11. Qh5 g6 12. Qe2 Ng7 13. f4 Nh5 14. Qf3 exf4 15.
Ne2 a5 16. Nxf4 Nxf4 17. Qxf4 Qe8 18. d4 a4 19. Bc4 d5 20. exd5 b5 21. Bd3 cxd5
22. Qf3 Be6 23. Bh6 Qd7 24. Bxf8 Bxf8 25. a3 Rb8 26. c3 Bd6 27. Rae1 Bc7 28.
Qf6 Rb6 29. Qh4 Qd6 30. Re5 Qd7 31. Re3 Qd6 32. Re5 Qd7 33. Re3 Qd6 34. Rf6 Bd8
35. Rexe6 fxe6 36. Bxg6 Rb7 37. Bxh7+ Rxh7 38. Rg6+ Rg7 39. Qg4 Rxg6 40. Qxg6+
Kf8 41. h4 Qe7 42. h5 Qf7 43. Qd3 Qxh5 44. Qxb5 Qd1+ 45. Kf2 Bh4+ 46. g3 Qc2+
47. Kf3 Qe4+ 48. Kf2 Qf4+ 49. Ke2 Qg4+ 50. Kd2 Bg5+ 51. Kc2 Qe4+ 52. Qd3 Qe1
53. Qd1 Qxd1+ 54. Kxd1 Ke7 55. Kc2 Kf6 56. b3 axb3+ 57. Kxb3 Kf5 58. Kb4 Be7+
59. Kb3 Bd6 60. a4 Bxg3 61. a5 Ke4 62. a6 Bb8 63. Kb4 Ba7 64. Kb5 Kd3 65. Kb4
Kc2 66. c4 1/2-1/2

[Event "FRA-chT"]
[Site "FRA"]
[Date "1996.??.??"]
[Round "?"]
[White "Guillon, Cyril"]
[Black "Gilles, Raphael"]
[Result "0-1"]
[WhiteElo "2220"]
[BlackElo "2260"]
[PlyCount "96"]
[EventDate "1996.??.??"]
[Source "ChessBase"]

1. e4 c5 2. Nf3 e6 3. d4 cxd4 4. Nxd4 a6 5. Nc3 Qc7 6. g3 Nf6 7. Bg2 Nc6 8. O-O
Be7 9. Re1 Nxd4 10. Qxd4 Bc5 11. Bf4 d6 12. Qd2 Ng4 13. Re2 Ne5 14. Na4 Ba7 15.
b3 b5 16. Nb2 Bb7 17. Rd1 Rd8 18. Be3 Qb8 19. Bxa7 Qxa7 20. Qd4 Qxd4 21. Rxd4
Ke7 22. a4 g5 23. axb5 axb5 24. Rd1 Ra8 25. Red2 Rhc8 26. Nd3 Nxd3 27. Rxd3 Ra6
28. R3d2 Rc3 29. e5 d5 30. Be4 h6 31. Bd3 Ra5 32. Bh7 f5 33. exf6+ Kxf6 34. Rd3
Rc7 35. Rf3+ Kg7 36. Bd3 d4 37. Be2 Bxf3 38. Bxf3 Rxc2 39. Rxd4 Ra1+ 40. Kg2
Raa2 41. Rd7+ Kf6 42. Bh5 Rxf2+ 43. Kh3 Rxh2+ 44. Kg4 Rad2 45. Rf7+ Ke5 46. Bg6
Rd4+ 47. Kf3 g4+ 48. Ke3 Rg2 0-1

[Event "FRA-chT"]
[Site "FRA"]
[Date "1996.??.??"]
[Round "?"]
[White "Guillon, Cyril"]
[Black "Ruiz, Richard"]
[Result "1-0"]
[WhiteElo "2220"]
[BlackElo "2160"]
[PlyCount "153"]
[EventDate "1996.??.??"]
[Source "ChessBase"]

1. e4 c5 2. Nf3 Nc6 3. d4 cxd4 4. Nxd4 g6 5. c4 Bg7 6. Be3 Nf6 7. Nc3 O-O 8.
Be2 d6 9. O-O Bd7 10. f4 a6 11. Kh1 Rc8 12. Rc1 Nxd4 13. Bxd4 Bc6 14. Bf3 Nd7
15. Bxg7 Kxg7 16. Qd4+ Kg8 17. Bg4 e6 18. Rcd1 Qh4 19. Be2 Rfd8 20. Qxd6 Nf8
21. Qe5 Rxd1 22. Rxd1 Qf2 23. Rf1 Qe3 24. Bf3 Qd2 25. Ne2 b5 26. c5 Nd7 27. Qd6
Qxb2 28. Nd4 Nb8 29. Nxc6 Rxc6 30. Qxb8+ Kg7 31. f5 exf5 32. exf5 Rxc5 33. fxg6
hxg6 34. Qd6 Re5 35. h3 a5 36. Bd5 Rf5 37. Rxf5 Qb1+ 38. Rf1 Qxf1+ 39. Kh2 Qf5
40. Bf3 b4 41. Qd5 Qf4+ 42. g3 Qc7 43. Bd1 Qa7 44. Kg2 Qe3 45. h4 Qc3 46. Bb3
Qc7 47. Kh2 Qa7 48. Qe5+ Kf8 49. Qf4 Kg7 50. Qe5+ Kf8 51. Qb5 Kg7 52. Kh3 Qf2
53. Qe5+ Kf8 54. Qf4 Qa7 55. Qh6+ Ke8 56. Ba4+ Ke7 57. Qd2 Kf8 58. g4 Qg1 59.
Bc6 Qc5 60. Qg2 Qc3+ 61. Qf3 Qc5 62. h5 gxh5 63. gxh5 Qg5 64. Bd5 f6 65. Be4
Ke7 66. Bg6 Kf8 67. Qe4 Qb5 68. h6 Qf1+ 69. Kg4 Qg1+ 70. Kf5 Qg5+ 71. Ke6 Qxh6
72. Kxf6 Qg7+ 73. Kg5 Qc7 74. Qf4+ Qxf4+ 75. Kxf4 a4 76. Ke5 Ke7 77. Kd5 1-0

[Event "FRA-chT"]
[Site "FRA"]
[Date "1996.??.??"]
[Round "?"]
[White "Hagege, Gerard"]
[Black "Berthelot, Yannick"]
[Result "0-1"]
[WhiteElo "2175"]
[BlackElo "2290"]
[PlyCount "119"]
[EventDate "1996.??.??"]
[Source "ChessBase"]

1. d4 Nf6 2. Nf3 g6 3. Bf4 Bg7 4. e3 d6 5. h3 O-O 6. Be2 c5 7. c3 cxd4 8. exd4
Be6 9. Nbd2 Qb6 10. Qc1 Nc6 11. O-O Rac8 12. Qb1 Bf5 13. Bd3 Bxd3 14. Qxd3 Nd5
15. Bg3 Qxb2 16. Rab1 Qxc3 17. Qe4 Nb6 18. Rb3 Qa5 19. Rb2 Qf5 20. Qe3 Qd5 21.
Qe2 Nxd4 22. Nxd4 Qxd4 23. Rfb1 Rc1+ 24. Kh2 Rxb1 25. Rxb1 Be5 26. Nf3 Bxg3+
27. fxg3 Qf6 28. a4 Nxa4 29. Rxb7 e5 30. Rxa7 Nc5 31. Qe3 Kg7 32. h4 h6 33. Qd2
Rb8 34. Qd5 Qe6 35. Qc6 Rc8 36. Qb5 Qg4 37. Nd2 Qe6 38. Nc4 Ne4 39. Nb6 Rc3 40.
Nd5 Rc5 41. Nc7 Rxb5 42. Nxe6+ Kg8 43. Ra8+ Kh7 44. Ra7 Rb8 45. Rxf7+ Kh8 46.
g4 Re8 47. Nc7 Kg8 48. Rd7 Rf8 49. Ne6 Rf7 50. Rd8+ Kh7 51. g3 Re7 52. Nf8+ Kg7
53. Nd7 Kf7 54. Nb6 Rb7 55. Nc4 Ke6 56. Rh8 Kd5 57. Ne3+ Kd4 58. Ng2 Nf2 59.
Rf8 Nxg4+ 60. Kh3 0-1

[Event "FRA-chT"]
[Site "FRA"]
[Date "1996.??.??"]
[Round "?"]
[White "Hagege, Gerard"]
[Black "Bouton, Christophe"]
[Result "0-1"]
[WhiteElo "2175"]
[BlackElo "2190"]
[PlyCount "106"]
[EventDate "1996.??.??"]
[Source "ChessBase"]

1. d4 e6 2. Nf3 f5 3. d5 Nf6 4. dxe6 d5 5. Ng5 Rg8 6. e3 Qe7 7. b3 Ne4 8. Nxe4
dxe4 9. Ba3 Qf6 10. Bxf8 Rxf8 11. Nd2 Bxe6 12. Bb5+ Nd7 13. Bxd7+ Bxd7 14. O-O
O-O-O 15. c4 Bc6 16. Qc2 f4 17. Nxe4 Qg6 18. f3 fxe3 19. Rad1 Rd2 20. Rxd2 exd2
21. Qxd2 Bxe4 22. fxe4 Rxf1+ 23. Kxf1 Qxe4 24. Kf2 b6 25. Kg3 a5 26. a4 Qg6+
27. Kf3 Qh5+ 28. Kg3 g5 29. Qd5 Qh4+ 30. Kf3 Qf4+ 31. Ke2 h6 32. h3 Qf6 33.
Qg8+ Kd7 34. Qd5+ Ke7 35. Qd3 Qe5+ 36. Kf2 Kf6 37. Kg1 h5 38. Kh1 h4 39. Qf3+
Ke6 40. Qc6+ Ke7 41. Qg6 Kd7 42. Qh6 Qe1+ 43. Kh2 Qg3+ 44. Kh1 Qxb3 45. Qg7+
Kc6 46. Qg6+ Kb7 47. Qe4+ Ka7 48. Qc6 Qd1+ 49. Kh2 Qd6+ 50. Qxd6 cxd6 51. g3
Kb7 52. gxh4 gxh4 53. Kg2 Kc6 0-1

[Event "FRA-chT"]
[Site "FRA"]
[Date "1996.??.??"]
[Round "?"]
[White "Hagege, Gerard"]
[Black "Marzolo, Cyril"]
[Result "0-1"]
[WhiteElo "2175"]
[BlackElo "2200"]
[PlyCount "118"]
[EventDate "1996.??.??"]
[Source "ChessBase"]

1. d4 d5 2. Nf3 c6 3. e3 Bf5 4. Bd3 Bxd3 5. Qxd3 Nd7 6. O-O Ngf6 7. Nbd2 e6 8.
c4 Bd6 9. e4 dxe4 10. Nxe4 Nxe4 11. Qxe4 O-O 12. b3 Qa5 13. Bd2 Qh5 14. Bf4 Qg4
15. g3 Nf6 16. Qe3 Bxf4 17. Qxf4 Qxf4 18. gxf4 Nh5 19. Rfe1 Nxf4 20. Re4 Ng6
21. h4 Rfd8 22. Kh2 Rd6 23. c5 Rd5 24. Rc1 Kf8 25. Rc4 Rad8 26. b4 Ne7 27. a4
a6 28. Kg2 Ke8 29. Kf1 Rf5 30. Kg2 Nd5 31. Kg3 Nf6 32. Re3 Nd5 33. Rb3 Nc7 34.
Nd2 Rfd5 35. Rd3 f5 36. Nf3 e5 37. Rd1 e4 38. Ne1 Ne6 39. Nc2 Kf7 40. Kh2 Kf6
41. Kg1 h6 42. Kf1 g5 43. hxg5+ hxg5 44. Ke2 f4 45. b5 axb5 46. axb5 cxb5 47.
Rb4 Ra8 48. Rb2 Ra4 49. Kf1 Rc4 50. Re1 Nxd4 51. Na3 Ra4 52. Nxb5 Nxb5 53. Rxb5
Rc4 54. Rb6+ Kf5 55. Rxb7 Rdxc5 56. Re7 Re5 57. Rf7+ Kg4 58. Kg2 Rc2 59. Rg1 e3
0-1

[Event "FRA-chT"]
[Site "FRA"]
[Date "1996.??.??"]
[Round "?"]
[White "Hagege, Gerard"]
[Black "Neron de Surgy, Gilles"]
[Result "1/2-1/2"]
[WhiteElo "2175"]
[BlackElo "2210"]
[PlyCount "80"]
[EventDate "1996.??.??"]
[Source "ChessBase"]

1. d4 d5 2. Nf3 Nf6 3. c4 c6 4. Nc3 e6 5. e3 Nbd7 6. Bd3 dxc4 7. Bxc4 b5 8. Be2
a6 9. O-O c5 10. Qc2 Bb7 11. Rd1 Rc8 12. dxc5 Bxc5 13. a3 Qc7 14. Bd2 O-O 15.
Rac1 Qb8 16. Qb1 Rfd8 17. Be1 Bd6 18. h3 Nc5 19. b4 Ncd7 20. Rd4 Ne5 21. Rcd1
Nxf3+ 22. Bxf3 Bxf3 23. gxf3 Be5 24. Rxd8+ Rxd8 25. Ne2 h6 26. f4 Bd6 27. Bc3
Be7 28. Bxf6 Bxf6 29. Ng3 Rxd1+ 30. Qxd1 Qd8 31. Qxd8+ Bxd8 32. Ne4 a5 33. bxa5
Bxa5 34. Kf1 b4 35. axb4 Bxb4 36. Ke2 Kf8 37. f3 Ke7 38. Nf2 Ba3 39. Nd3 Kd6
40. e4 Ke7 1/2-1/2

[Event "FRA-chT"]
[Site "FRA"]
[Date "1996.??.??"]
[Round "?"]
[White "Hamdouchi, Hichem"]
[Black "Apicella, Manuel"]
[Result "1/2-1/2"]
[WhiteElo "2495"]
[BlackElo "2560"]
[PlyCount "82"]
[EventDate "1996.??.??"]
[Source "ChessBase"]

1. g3 g6 2. Bg2 Bg7 3. d4 d6 4. e4 Nf6 5. Ne2 O-O 6. O-O e5 7. h3 Re8 8. Nbc3
exd4 9. Nxd4 Nbd7 10. Re1 Nc5 11. a4 a5 12. Bf4 h6 13. Ndb5 Ne6 14. Be3 Ng5 15.
Bxg5 hxg5 16. e5 dxe5 17. Qxd8 Rxd8 18. Nxc7 Rb8 19. Rxe5 g4 20. h4 b6 21. Rae1
Bf5 22. R1e2 Nd7 23. Re7 Bxc3 24. bxc3 Nf6 25. c4 Kf8 26. Nd5 Nxd5 27. Bxd5 Rd7
28. R7e3 Rd6 29. c3 Bd7 30. Re7 Be6 31. Rc7 Bxd5 32. cxd5 Rxd5 33. Re4 Rf5 34.
Rxg4 b5 35. axb5 Rbxb5 36. Rcc4 Rb1+ 37. Kg2 Rc1 38. Rg5 Rxg5 39. hxg5 a4 40.
Rxa4 Rxc3 41. Ra7 Rc2 1/2-1/2

[Event "FRA-chT"]
[Site "FRA"]
[Date "1996.??.??"]
[Round "?"]
[White "Hamdouchi, Hichem"]
[Black "Dorfman, Itzhak"]
[Result "0-1"]
[WhiteElo "2495"]
[BlackElo "2210"]
[PlyCount "70"]
[EventDate "1996.??.??"]
[Source "ChessBase"]

1. e4 c5 2. Nf3 d6 3. d4 cxd4 4. Nxd4 Nf6 5. Nc3 Nc6 6. Bc4 e6 7. Be3 Be7 8.
Qe2 Qc7 9. O-O-O a6 10. Bb3 O-O 11. Rhg1 b5 12. g4 b4 13. Nxc6 bxc3 14. Nxe7+
Qxe7 15. Bd4 Bb7 16. f3 cxb2+ 17. Bxb2 Rfd8 18. Qe3 a5 19. a4 Nd7 20. g5 Nc5
21. Bf6 Qc7 22. Bxd8 Rxd8 23. Kb2 d5 24. exd5 Bxd5 25. Bxd5 exd5 26. Rg4 g6 27.
Kc1 Ne6 28. Rd2 Qd6 29. Kd1 d4 30. Qd3 Qc6 31. Ke2 Qxa4 32. Kf2 Qc6 33. h4 Qc7
34. Kg1 a4 35. c3 dxc3 0-1

[Event "FRA-chT"]
[Site "FRA"]
[Date "1996.??.??"]
[Round "?"]
[White "Hamdouchi, Hichem"]
[Black "Rausis, Igors"]
[Result "1-0"]
[WhiteElo "2495"]
[BlackElo "2495"]
[PlyCount "101"]
[EventDate "1996.??.??"]
[Source "ChessBase"]

1. e4 Nf6 2. e5 Nd5 3. d4 d6 4. Nf3 Bg4 5. Be2 e6 6. O-O Be7 7. c4 Nb6 8. exd6
cxd6 9. d5 O-O 10. h3 Bxf3 11. Bxf3 exd5 12. Bxd5 Nxd5 13. Qxd5 Nc6 14. Nc3 Bf6
15. Bd2 Qb6 16. b3 Rad8 17. Rad1 Ne7 18. Qf3 Qc6 19. Qxc6 bxc6 20. Ne4 Rd7 21.
Ba5 Nc8 22. Nxf6+ gxf6 23. Bc3 f5 24. Rd3 f6 25. Rfd1 Kf7 26. Bb4 Rfd8 27. Kf1
h5 28. Ke2 Re8+ 29. Kf3 Re6 30. Rd4 Kg6 31. R1d2 Kg5 32. Ba3 Rd8 33. R2d3 Rd7
34. Rd1 Rd8 35. Bc1+ Kg6 36. Ba3 Kg5 37. Bc1+ Kg6 38. Bf4 Rd7 39. Bg3 Kf7 40.
Bh2 Kg6 41. g4 fxg4+ 42. hxg4 h4 43. Bf4 f5 44. gxf5+ Kxf5 45. Bh2 Rh6 46. c5
h3 47. cxd6 Nb6 48. Rf4+ Kg6 49. Rg1+ Kh7 50. Rf8 c5 51. Be5 1-0

[Event "FRA-chT"]
[Site "FRA"]
[Date "1996.??.??"]
[Round "?"]
[White "Harovelo, Ingmar"]
[Black "Bacrot, Etienne"]
[Result "0-1"]
[WhiteElo "2240"]
[BlackElo "2470"]
[PlyCount "78"]
[EventDate "1996.??.??"]
[Source "ChessBase"]

1. d4 d5 2. c4 dxc4 3. e4 Nc6 4. Be3 Nf6 5. Nc3 e5 6. d5 Na5 7. Nf3 Bd6 8. Nd2
Ng4 9. Qf3 Qh4 10. g3 Qe7 11. Nxc4 Nxc4 12. Bxc4 O-O 13. O-O-O Nxe3 14. fxe3 a6
15. g4 b5 16. Bd3 Rb8 17. Ne2 c5 18. dxc6 Rb6 19. Kb1 Rxc6 20. Ng3 g6 21. h4 b4
22. Nf5 gxf5 23. exf5 e4 24. Bxe4 Rc4 25. Bd3 Rc5 26. f6 Qe5 27. g5 Re8 28.
Rhf1 Qxe3 29. Qh5 Bf5 30. Rxf5 Rc1+ 31. Rxc1 Qxd3+ 32. Ka1 Qxf5 33. Qd1 Bf8 34.
Qd2 Rc8 35. Rd1 Rc2 36. Qd8 Qc5 37. Kb1 Rg2 38. Rc1 Qf5+ 39. Ka1 Qc2 0-1

[Event "FRA-chT"]
[Site "FRA"]
[Date "1996.??.??"]
[Round "?"]
[White "Harovelo, Ingmar"]
[Black "Hagege, Gerard"]
[Result "0-1"]
[WhiteElo "2240"]
[BlackElo "2175"]
[PlyCount "90"]
[EventDate "1996.??.??"]
[Source "ChessBase"]

1. d4 Nf6 2. c4 g6 3. Nc3 Bg7 4. g3 c6 5. Bg2 d5 6. cxd5 cxd5 7. Nf3 O-O 8. O-O
Nc6 9. Ne5 e6 10. f4 Nd7 11. Be3 Ndxe5 12. fxe5 f6 13. exf6 Bxf6 14. Qd2 Bd7
15. Kh1 Bg7 16. Rfe1 Rc8 17. Bg1 Ne7 18. Rad1 b5 19. e4 b4 20. Ne2 dxe4 21.
Qxb4 Bc6 22. Nc3 Nd5 23. Qb3 Nxc3 24. bxc3 Bd5 25. Qc2 Qa5 26. Rc1 Rf3 27. Bxf3
exf3 28. Bf2 Bh6 29. Rb1 Qxc3 30. Qxc3 Rxc3 31. Rb2 a5 32. Kg1 a4 33. Reb1 a3
34. Rb8+ Kg7 35. h4 Bc1 36. R1b6 h5 37. Rd6 Rc7 38. Rbd8 Bxa2 39. g4 hxg4 40.
Bg3 Be3+ 41. Bf2 Bc1 42. Kh2 Bf4+ 43. Bg3 Rc2+ 44. Kg1 Bxd6 45. Bxd6 f2+ 0-1

[Event "FRA-chT"]
[Site "FRA"]
[Date "1996.??.??"]
[Round "?"]
[White "Harovelo, Ingmar"]
[Black "Verat, Laurent"]
[Result "0-1"]
[WhiteElo "2240"]
[BlackElo "2280"]
[PlyCount "82"]
[EventDate "1996.??.??"]
[Source "ChessBase"]

1. d4 Nf6 2. c4 e6 3. Nf3 d5 4. g3 Be7 5. Bg2 O-O 6. O-O dxc4 7. Qc2 a6 8. a4
Bd7 9. Qxc4 Bc6 10. Rd1 a5 11. Nc3 Na6 12. Bf4 Nb4 13. Rac1 Nd7 14. e4 Nb6 15.
Qb3 Qe8 16. Ra1 Bd6 17. Ne5 Bxe5 18. Bxe5 Qe7 19. Bf4 Rfd8 20. Rd2 Be8 21. Rad1
Kh8 22. d5 e5 23. Be3 Nc8 24. Qc4 Nd6 25. Qe2 Bd7 26. f4 f6 27. b3 Rdb8 28. g4
b5 29. g5 bxa4 30. bxa4 Na6 31. Qh5 Nc4 32. g6 h6 33. d6 cxd6 34. Nd5 Qf8 35.
f5 Nxe3 36. Nxe3 Bxa4 37. Rf1 Ra7 38. Ng4 Nc5 39. Rc1 Nb3 40. Rb2 Nxc1 41. Nxh6
gxh6 0-1

[Event "FRA-chT"]
[Site "FRA"]
[Date "1996.??.??"]
[Round "?"]
[White "Hauchard, Arnaud"]
[Black "Flear, Glenn C"]
[Result "1-0"]
[WhiteElo "2500"]
[BlackElo "2435"]
[PlyCount "97"]
[EventDate "1996.??.??"]
[Source "ChessBase"]

1. e4 e5 2. Nf3 Nc6 3. Bb5 Nge7 4. c3 d5 5. Qe2 Bg4 6. d3 Qd6 7. Nbd2 O-O-O 8.
exd5 Qxd5 9. Bc4 Qd7 10. Bxf7 Nf5 11. Bb3 Nh4 12. Rg1 Be7 13. h3 Bh5 14. Bc2
Rhf8 15. g4 Bg6 16. Rg3 h5 17. Ne4 hxg4 18. hxg4 Nxf3+ 19. Rxf3 Qxg4 20. Rxf8
Qg1+ 21. Qf1 Qxf1+ 22. Kxf1 Rxf8 23. Be3 Nd8 24. Ke2 Ne6 25. Rg1 Bf5 26. Bb3
Bd6 27. Bxe6+ Bxe6 28. Rxg7 a6 29. c4 Rh8 30. Bc5 Rd8 31. Ke3 Bf5 32. Bxd6 cxd6
33. Re7 Rd7 34. Re8+ Kc7 35. Nf6 Rf7 36. Nd5+ Kd7 37. Rb8 Ke6 38. Rc8 Bg4 39.
Rc7 Rxc7 40. Nxc7+ Kd7 41. Nd5 Ke6 42. b4 Bd1 43. Nb6 Bh5 44. a4 Be8 45. d4
exd4+ 46. Kxd4 Bh5 47. a5 Bf3 48. c5 d5 49. Nc8 1-0

[Event "FRA-chT"]
[Site "FRA"]
[Date "1996.??.??"]
[Round "?"]
[White "Hauchard, Arnaud"]
[Black "Legky, Nikolay A"]
[Result "1/2-1/2"]
[WhiteElo "2500"]
[BlackElo "2540"]
[PlyCount "84"]
[EventDate "1996.??.??"]
[Source "ChessBase"]

1. c4 e6 2. Nc3 d5 3. d4 Be7 4. cxd5 exd5 5. Bf4 c6 6. e3 Bf5 7. Nge2 Nd7 8.
Ng3 Be6 9. e4 dxe4 10. Ngxe4 Ngf6 11. Nd6+ Kf8 12. Nc4 Nb6 13. Ne5 Nbd5 14. Bd2
Qb6 15. Nxd5 Bxd5 16. Bc3 g6 17. Nc4 Qc7 18. Ne3 Re8 19. Be2 Bd6 20. Nxd5 Nxd5
21. g3 Qe7 22. Kf1 h5 23. Bf3 h4 24. Qd3 Qf6 25. Kg2 h3+ 26. Kg1 Kg7 27. Bxd5
cxd5 28. f3 g5 29. Kf2 g4 30. Rhf1 Qxf3+ 31. Qxf3 gxf3 32. Rae1 f5 33. Rxe8
Rxe8 34. Kxf3 Re4 35. Bd2 Kf6 36. Be3 Bf8 37. Rd1 Ke6 38. Rd3 Bg7 39. Bf2 Kd7
40. Be3 Ke6 41. Bf2 Bf6 42. Be3 Bg7 1/2-1/2

[Event "FRA-chT"]
[Site "FRA"]
[Date "1996.??.??"]
[Round "?"]
[White "Heurtebize, Olivier"]
[Black "Amalric, Yves"]
[Result "0-1"]
[WhiteElo "2185"]
[BlackElo "2195"]
[PlyCount "92"]
[EventDate "1996.??.??"]
[Source "ChessBase"]

1. d4 d5 2. c4 dxc4 3. Nf3 a6 4. a4 Nf6 5. e3 e6 6. Bxc4 c5 7. O-O Nc6 8. Nc3
Be7 9. b3 Qc7 10. Qe2 O-O 11. Bb2 Rd8 12. Rfd1 Na5 13. d5 Nxc4 14. bxc4 e5 15.
a5 e4 16. Nd2 Ng4 17. Nf1 f5 18. f3 Nf6 19. Qc2 exf3 20. gxf3 Bd6 21. Rd2 Rf8
22. Rg2 Rf7 23. Ng3 f4 24. exf4 Bh3 25. Re2 Bxf4 26. Nce4 Nxe4 27. Nxe4 Raf8
28. Bc3 Bh6 29. Nf2 Bf5 30. Qb2 Qf4 31. Bd2 Qxf3 32. Bxh6 gxh6 33. Ra3 Qf4 34.
Rg3+ Bg6 35. Rg4 Qf3 36. Qe5 h5 37. Rg3 Qf4 38. Qxf4 Rxf4 39. Ne4 Kh8 40. Nxc5
Rxc4 41. Nxb7 Rd4 42. d6 h4 43. Rge3 Rg4+ 44. Rg2 Rb4 45. Rxg6 hxg6 46. Nc5
Rg4+ 0-1

[Event "FRA-chT"]
[Site "FRA"]
[Date "1996.??.??"]
[Round "?"]
[White "Heurtebize, Olivier"]
[Black "Bacrot, Etienne"]
[Result "0-1"]
[WhiteElo "2185"]
[BlackElo "2470"]
[PlyCount "86"]
[EventDate "1996.??.??"]
[Source "ChessBase"]

1. d4 d5 2. c4 dxc4 3. Nf3 Nf6 4. e3 e6 5. Bxc4 a6 6. Nc3 c5 7. O-O b5 8. Bd3
Nbd7 9. b3 Bb7 10. Bb2 Bd6 11. Ne2 O-O 12. Ng3 Qe7 13. Qe2 cxd4 14. Nxd4 Ne5
15. Bc2 Rac8 16. Rad1 Bb8 17. Rd2 Nfg4 18. h3 Qh4 19. e4 Nf6 20. Rfd1 Ng6 21.
Nf3 Qh6 22. Bxf6 gxf6 23. Nh2 Nf4 24. Qe3 Nxh3+ 25. gxh3 Qxe3 26. fxe3 Bxg3 27.
Rg2 Kh8 28. Ng4 Rg8 29. Rdd2 Bxe4 30. Rxg3 Rxc2 31. Rxc2 Bxc2 32. Kf2 f5 33.
Ne5 Rxg3 34. Kxg3 Kg7 35. b4 Be4 36. Kf4 f6 37. Nd7 e5+ 38. Kg3 Bb7 39. Nc5 Bc8
40. Kf3 Kf7 41. Kg3 Ke7 42. Kh4 Kd6 43. Kh5 Kd5 0-1

[Event "FRA-chT"]
[Site "FRA"]
[Date "1996.??.??"]
[Round "?"]
[White "Heurtebize, Olivier"]
[Black "Vincent, Patrick"]
[Result "1-0"]
[WhiteElo "2185"]
[BlackElo "2225"]
[PlyCount "81"]
[EventDate "1996.??.??"]
[Source "ChessBase"]

1. d4 d5 2. c4 e6 3. Nf3 Nf6 4. g3 c5 5. cxd5 Nxd5 6. Bg2 Nc6 7. O-O cxd4 8.
Nxd4 Bd7 9. Nc3 Bc5 10. Nxd5 Bxd4 11. e3 Be5 12. f4 Bb8 13. Nc3 O-O 14. b3 Qe7
15. Ba3 Qxa3 16. Qxd7 Qa6 17. Rad1 Qb6 18. Na4 Qb5 19. f5 Be5 20. fxe6 fxe6 21.
Qxe6+ Kh8 22. Rd5 Qe2 23. Rxe5 Nxe5 24. Qxe5 Rxf1+ 25. Bxf1 Qf3 26. Qf4 Qc6 27.
Nb2 Re8 28. Nc4 Qc5 29. Nd6 Qxe3+ 30. Qxe3 Rxe3 31. Nxb7 Re1 32. a4 Rb1 33. Na5
Rb2 34. Bc4 g5 35. g4 Kg7 36. Nc6 Kf6 37. Nxa7 Ke5 38. Nc6+ Kf4 39. a5 Ra2 40.
a6 Kxg4 41. b4 1-0